000 00575nam a2200205 4500
003 OSt
005 20240621064059.0
006 a
008 240621b |||||||| |||| 00| 0 eng d
020 _a9789712719110
040 _aDWCL-Main lib.
_cOC
082 _aFil. 709.5 C299a 2012
100 _aCanta, Marilyn
245 _aAsian Art and Culture /
260 _aMandaluyong City :
_bAnvil Publishing. , Inc. ,
_cc2012
300 _b181 p. : ill. ;
_c26 cm.
504 _aIncludes bibliography references.
650 _a1. Asian Art.
942 _2ddc
_n0
_cBK - FIL
_kFil.
999 _c1077
_d1077